[Event "Florianopolis op-A"]
[Site "Florianopolis"]
[Date "2023.09.23"]
[Round "4"]
[White "Sanfelici Bazanella, Alexandre"]
[Black "Pavao, Fabio Biasi"]
[Result "1/2-1/2"]
[WhiteElo "1806"]
[BlackElo "1786"]
[PlyCount "87"]
[EventDate "2023.09.22"]
[EventType "swiss"]
[EventRounds "6"]
[EventCountry "BRA"]
[SourceTitle "EXT 2024"]
[Source "ChessBase"]
[SourceDate "2023.10.10"]
[SourceVersion "1"]
[SourceVersionDate "2023.10.10"]
[SourceQuality "1"]

1. e4 c5 2. d4 cxd4 3. c3 d3 4. Bxd3 d6 5. Nf3 g6 6. Bb5+ Bd7 7. Bxd7+ Qxd7 8. 0-0 Bg7 9. Qd3 Nf6 10. h3 0-0 11. c4 Nc6 12. Nc3 Rfd8 13. Be3 b6 14. Rac1 Qb7 15. Qe2 Rac8 16. b3 Ne5 17. Bg5 h6 18. Bh4 g5 19. Bg3 Nfd7 20. h4 Nxf3+ 21. Qxf3 Bxc3 22. Rxc3 Kg7 23. hxg5 hxg5 24. Qg4 f6 25. f4 Qxe4 26. Re1 Qd4+ 27. Rce3 Ne5 28. Qe6 gxf4 29. Qxe7+ Nf7 30. Bxf4 Qxf4 31. Rf1 Qd4 32. Rff3 Qd1+ 33. Kf2 Qd2+ 34. Kf1 Qc1+ 35. Kf2 Qd2+ 36. Re2 Qd4+ 37. Kf1 Qh4 38. Re4 Qg5 39. Rg4 Qxg4 40. Qxf6+ Kh7 41. Qxf7+ Kh8 42. Qf6+ Kh7 43. Qf7+ Kh8 44. Qf6+ 1/2-1/2

[Event "Florianopolis op-A"]
[Site "Florianopolis"]
[Date "2023.09.23"]
[Round "2"]
[White "Souza dos Santos, Matheus Garcett"]
[Black "Sanfelici Bazanella, Alexandre"]
[Result "1-0"]
[WhiteElo "2036"]
[BlackElo "1806"]
[PlyCount "79"]
[EventDate "2023.09.22"]
[EventType "swiss"]
[EventRounds "6"]
[EventCountry "BRA"]
[SourceTitle "EXT 2024"]
[Source "ChessBase"]
[SourceDate "2023.10.10"]
[SourceVersion "1"]
[SourceVersionDate "2023.10.10"]
[SourceQuality "1"]

1. d4 Nf6 2. c4 g6 3. Nc3 d5 4. Bg5 Ne4 5. Bf4 Nxc3 6. bxc3 dxc4 7. e3 Bg7 8. Bxc4 c5 9. Nf3 Nc6 10. 0-0 0-0 11. Re1 Bg4 12. h3 Bxf3 13. Qxf3 e5 14. dxe5 Nxe5 15. Bxe5 Bxe5 16. Qxb7 Bxc3 17. Red1 Qb8 18. Rab1 Bb4 19. Qf3 Qe8 20. Qf6 Qe4 21. Bd5 Qc2 22. Bxa8 Rxa8 23. Qc6 Rf8 24. Qa6 Qe4 25. Rbc1 Qe7 26. a3 Rb8 27. axb4 cxb4 28. Rb1 b3 29. Qa4 Rb4 30. Qa3 Qb7 31. Rd3 b2 32. Rd8+ Kg7 33. Qc3+ f6 34. Qc5 Kh6 35. Rd2 Rb5 36. Qd4 Rb4 37. Qxf6 Rb6 38. Qf8+ Kh5 39. g4+ Kg5 40. Qf4+ 1-0